Association of Cost Engineers (Record no. 120284)
[ view plain ]
| 000 -LEADER | |
|---|---|
| fixed length control field | 00719cam a2200169 4500 |
| 001 - CONTROL NUMBER | |
| control field | WS122778 |
| 008 - FIXED-LENGTH DATA ELEMENTS--GENERAL INFORMATION | |
| fixed length control field | 030627n 000 0 eng u |
| 035 ## - SYSTEM CONTROL NUMBER | |
| System control number | (Sirsi) u122778 |
| 110 ## - MAIN ENTRY--CORPORATE NAME | |
| Corporate name or jurisdiction name as entry element | Association of Cost Engineers |
| 9 (RLIN) | 1254 |
| 245 ## - TITLE STATEMENT | |
| Title | Association of Cost Engineers |
| 520 ## - SUMMARY, ETC. | |
| Summary, etc. | Web site for this organisation, affiliated to the engineering council, which represents people using the principles of engineering cost management. Includes details of events and links to their journal 'Cost Engineer' |
| 650 ## - SUBJECT ADDED ENTRY--TOPICAL TERM | |
| Topical term or geographic name entry element | ORGANISATION |
| 650 ## - SUBJECT ADDED ENTRY--TOPICAL TERM | |
| Topical term or geographic name entry element | COST ENGINEERING |
| 690 ## - LOCAL SUBJECT ADDED ENTRY--TOPICAL TERM (OCLC, RLIN) | |
| Topical term or geographic name as entry element | BUILT ENVIRONMENT-BUILDING COSTS |
| 856 40 - ELECTRONIC LOCATION AND ACCESS | |
| Uniform Resource Identifier | <a href="https://www.acoste.org.uk">https://www.acoste.org.uk</a> |
| Public note | View the website free of charge at www.acoste.org.uk... |
| 942 ## - ADDED ENTRY ELEMENTS (KOHA) | |
| Suppress in OPAC | 0 |
| Withdrawn status | Lost status | Source of classification or shelving scheme | Damaged status | Not for loan | Home library | Current library | Shelving location | Date acquired | Total Checkouts | Full call number | Barcode | Date last seen | Copy number | Price effective from | Koha item type |
|---|---|---|---|---|---|---|---|---|---|---|---|---|---|---|---|
| Dewey Decimal Classification | Virtual | Virtual | Online | 27/06/2003 | WEB SITE | 122778-1001 | 06/08/2019 | 1 | 06/08/2019 | Online material |